000 01148 a2200193 4500
001 45848
005 20260407155730.0
008 260407a1964 arg spa d
003 AR-UNSa-BCEJYS
040 _aAR-UNSa-BCEJYS
_bspa
_cAR-UNSa-BCEJYS
080 _a17
_xFilosofía moral. Ética. Filosofía práctica
245 1 0 _aIntroducción a la Filosofía
264 1 _aBuenos Aires :
_bKapelusz
_c1964
300 _a310 p.
_c21 cm.
505 _aIntroducción : La tarea del filósofo : 1. La actitud filosófica – 2. Conocimiento científico y conocimiento pre científico – 3. La vida anímica – 4. Las cosas materiales – 5. Los seres vivientes – 6. El conocimiento – 7. Los valores – 8. La persona – 9. El ser – 10. La filosofía como tarea intelectual – 11. La filosofía como conocimiento sistemático – 12. La filosofía como conocimiento fundamental de la realidad – 13. Relación entre la filosofía y la ciencia – 14. Filosofía, teología y religión – 15. Filosofía y arte – 16. División de la filosofía.
942 _cBK
590 _aniveau_biblio:m niveau_hierar:0
100 1 _aMandrioni, Héctor D.
999 _c4029
_d4029